| 000 | 00383nam a2200145 4500 | ||
|---|---|---|---|
| 999 |
_c757 _d757 |
||
| 008 | 191217b ||||| |||| 00| 0 eng d | ||
| 082 | 0 | 0 |
_a669 _bR469 |
| 100 |
_9286 _aRhead, E. L. |
||
| 245 | 1 | 0 |
_aMetallurgy: An Elementary Textbook _cby E L Rhead |
| 250 | _a5th ed. | ||
| 260 |
_aLondon _bLongmans Green & Co. _c1947 |
||
| 300 | _axii, 392 p. | ||
| 650 | 0 | _aMetallurgy | |
| 942 |
_2ddc _cBK |
||